Mind map : English grammar

Nội dung tài liệu trình bày các chủ đề và chủ điểm của ngữ pháp tiếng Anh theo tư duy logic qua các sơ đồ tư duy tóm tắt dễ nhớ và dễ hiểu.

Spremljeno u:
Bibliografski detalji
Glavni autor: Nguyễn, Đắc Tâm
Format: Knjiga
Jezik:Undetermined
Izdano: Tp.HCM Tổng hợp 2014
Teme:
Oznake: Dodaj oznaku
Bez oznaka, Budi prvi tko označuje ovaj zapis!
Thư viện lưu trữ: Trung tâm Học liệu Trường Đại học Cần Thơ
LEADER 00822nam a2200229Ia 4500
001 CTU_188239
008 210402s9999 xx 000 0 und d
020 |c 88000 
082 |a 425 
082 |b T120 
100 |a Nguyễn, Đắc Tâm 
245 0 |a Mind map : 
245 0 |b English grammar 
245 0 |c Nguyễn Đắc Tâm 
260 |a Tp.HCM 
260 |b Tổng hợp 
260 |c 2014 
520 |a Nội dung tài liệu trình bày các chủ đề và chủ điểm của ngữ pháp tiếng Anh theo tư duy logic qua các sơ đồ tư duy tóm tắt dễ nhớ và dễ hiểu. 
650 |a English language,Ngôn ngữ Anh 
650 |x Grammar,Ngữ pháp 
904 |i Bằng 
980 |a Trung tâm Học liệu Trường Đại học Cần Thơ